| 000 | 00531nam a22001937a 4500 | ||
|---|---|---|---|
| 003 | SISC | ||
| 005 | 20160314144444.0 | ||
| 008 | 130828t xxu||||| |||| 00| 0 eng d | ||
| 020 | _a9780719577154 | ||
| 050 |
_aPE 1126 _b.W223 2002 |
||
| 082 |
_aHS 909 _bW14 2002 |
||
| 100 |
_aWalsh, Ben _914343 |
||
| 245 |
_aEssential modern world history / _cBen Walsh. |
||
| 260 |
_aLondon : _bHodder Murray, _c c2002. |
||
| 300 |
_a234 p. : _bill. ; _c28 cm. |
||
| 650 |
_aWorld History _911096 |
||
| 942 |
_2lcc _cBK |
||
| 999 |
_c9617 _d9617 |
||